Sports Quiz

Random Sports or NCAA Quiz
Score 0/17 Timer 04:00
0 Plays Today
Weeks Team % Correct
16Alabama
99.7%
7Florida
99.7%
9Florida State
98.7%
15Southern California
97.7%
15Ohio State
97.4%
3Texas
97%
3Auburn
97%
20Oklahoma
95.7%
4Oregon
94.8%
Weeks Team % Correct
10Louisiana State
93.8%
7Miami, Florida
90.8%
5Tennessee
89.5%
3Notre Dame
83.9%
5Nebraska
77.7%
1UCLA
71.1%
1Kansas State
70.5%
1Missouri
61.3%
Remove Ads.
Support Sporcle.
Get the best of Sporcle when you Go Orange. This ad-free experience offers more features, more stats, and more fun while also helping to support Sporcle. Thank you for becoming a member.

You're not logged in!

Compare scores with friends on all Sporcle quizzes.
OR
Log In

Show Comments

Extras

Created Dec 9, 2013ReportNominate
Tags:NCAA Quiz

Top Quizzes Today


Score Distribution

Your Account Isn't Verified!

In order to create a playlist on Sporcle, you need to verify the email address you used during registration. Go to your Sporcle Settings to finish the process.

Report this User

Report this user for behavior that violates our Community Guidelines.

Details: